[Event "WchT 4th"]
[Site "Luzern"]
[Date "1997.10.25"]
[Round "1.4"]
[White "Rublevsky, Sergei"]
[Black "Becerra Rivero, Julio"]
[Result "1-0"]
[WhiteElo "2650"]
[BlackElo "2495"]
[Annotator "Har Zvi,R"]
[PlyCount "65"]
[EventDate "1997.10.25"]
[EventType "team-tourn"]
[EventRounds "9"]
[EventCountry "SUI"]
[SourceTitle "CBM 062"]
[Source "ChessBase"]
[SourceDate "1998.01.31"]
[SourceVersion "1"]
[SourceVersionDate "1998.01.31"]
[SourceQuality "1"]
[WhiteTeam "Russia"]
[BlackTeam "Cuba"]
[WhiteTeamCountry "RUS"]
[BlackTeamCountry "CUB"]

1. e4 c5 2. Nf3 d6 3. Bb5+ Bd7 4. Bxd7+ Qxd7 5. c4 Nc6 6. Nc3 Ne5 7. d4 (7.
Nxe5 dxe5 8. Qh5) 7... Nxf3+ $146 (7... cxd4 8. Qxd4 Nc6 (8... g6 9. Nxe5 Bg7
10. Nxd7 Bxd4 11. Nb5) 9. Qd2 Nf6 10. O-O g6 11. b3 Bg7 12. Bb2 O-O 13. Rfe1
Ng4 14. Rad1 Rad8 15. h3 Nge5 16. Nh2 Nb4 17. Qe2 g5 18. Nd5 Nxd5 19. exd5 Rfe8
20. Bc1 $14 {Belikov,V-Golubev,M/Moscow 1996;CBM55 [Golubev,M]}) 8. gxf3 cxd4
9. Qxd4 e6 10. Be3 (10. Bg5 h6 11. Bh4 Ne7 {[%cal Ge7c6]} (11... e5 {[%csl Rh4]
[%cal Gg7g5]})) (10. Rg1 Ne7) 10... Ne7 11. O-O-O Nc6 12. Qd2 Rd8 (12... Ne5
13. Qe2 Qc6 14. b3) 13. Rhg1 Qc8 (13... g6 14. Bg5 $1 $36 (14. Bxa7 $2 Nxa7 15.
Qd4 {[%cal Gd4a7,Gd4h8]} Bh6+ 16. Kc2 O-O 17. Qxa7 Qc6 $44 {[%cal Gh6f4,Gf4e5]}
)) 14. f4 $40 {from now on the game in only for one side,white on the king's
side} g6 15. Kb1 Be7 (15... Bg7 16. Nb5) 16. Qe2 O-O 17. h4 Na5 (17... Bxh4 $5)
18. h5 Bf6 (18... Nxc4 19. Bd4 $1 e5 20. Nd5 Rd7 21. Bc3 $40 {/+-}) (18... Qxc4
19. hxg6 Qxe2 (19... hxg6 20. Qh5 {[%cal Gg1g6,Gh5a5]}) (19... fxg6 20. Qh5 {
[%cal Gg1g6,Gh5a5]}) 20. gxh7+ Kh8 (20... Kxh7 21. Rh1+ Qh5 (21... Kg6 22.
Rdg1+ Kf6 23. Rh6#) 22. Rxh5+ Kg6 23. Rxa5) 21. Nxe2 $16) 19. Bd4 Bxd4 20. Rxd4
Qc5 21. Rdd1 Nxc4 (21... Qxc4 $5 22. hxg6 (22. Qg4 $5) 22... fxg6 (22... Qxe2
23. gxh7+ (23. gxf7+ $142 Kxf7 24. Nxe2 $14 Nc4 25. Nd4) 23... Kxh7 24. Nxe2
Rg8 $11) 23. Qh5 Qc7 24. f5 Nc4 25. fxg6 (25. Rxg6+ hxg6 26. Qxg6+ Qg7 27.
Qxe6+ Qf7 (27... Rf7 28. Qxc4 $18) 28. Rg1+ Kh7 29. Rh1+ Kg8 $11) 25... h6 26.
Rg2 $1 $16) 22. Rg5 Qb4 23. Ka1 (23. Rb5 $4 Na3+) 23... a6 (23... d5 24. exd5
Rfe8 (24... exd5 $2 25. Nxd5) 25. Ne4 $1 $40) 24. f5 Rc8 (24... exf5 25. hxg6 (
25. Nd5 Qb5 $1 {[%cal Gb5e8]} 26. Ne7+ $1 (26. hxg6 fxg6 (26... hxg6) 27. exf5
Rde8 28. Qc2 Re5) 26... Kg7 (26... Kh8 27. hxg6 fxg6 28. Nxg6+ $18) 27. f4 $40)
25... fxg6 $8 (25... hxg6 $2 26. Nd5 $18)) 25. hxg6 fxg6 26. fxg6 h6 27. Rg3
Kg7 (27... Rc7 28. Rh3 $16 {[%csl Rh6]}) (27... Qc5 $5) 28. Rh1 Qb6 (28... Qc5
29. b3 $1 Nb6 30. Qd2 $18) 29. Rg2 (29. b3 $1 Rxf2 (29... Ne5 30. Qd2 $18) 30.
Qh5 Rh8 31. Qh4 $18) 29... Qb4 {[%cal Gc4b2]} 30. Rh3 Rf6 $2 {[%tqu "En","can
you imagine that black's last move was a decisive mistke,since it takes the
'f6' a way from the king,can you see how to use it the way Rublevsky did?","",
"","h3h6","",6]} 31. Rxh6 $3 $18 Rc5 (31... Kxh6 32. Rh2+ Kg7 (32... Kxg6 33.
Qg4+ Kf7 34. Rh7+) 33. Rh7+ Kg8 34. Rh8+ Kg7 (34... Kxh8 35. Qh5+ Kg7 36. Qh7+
Kf8 37. g7+) 35. Rxc8 $18) 32. Rh7+ Kg8 33. Rf7 $4 {what is this move from a
player as Rublevsky??? afetr 33.g7 the game is over immediately,33.Rf7 could
have make things much more complicated for white!to his good luck black simply
resigned ormaybe it was his flag?} (33. Rf7 Rxf7 34. gxf7+ Kxf7 35. f4 $1 {
[%cal Gg2b2] this is the move that still gives white the win} Nxb2 36. Qg4 $18)
(33. g7) 1-0

[Event "Ciocaltea Memorial"]
[Site "Bucharest"]
[Date "1998.??.??"]
[Round "7"]
[White "Iordachescu, Viorel"]
[Black "Milu, Romeo Sorin"]
[Result "1-0"]
[WhiteElo "2520"]
[BlackElo "2395"]
[Annotator "Har Zvi,R"]
[PlyCount "77"]
[EventDate "1998.02.??"]
[EventType "tourn"]
[EventRounds "13"]
[EventCountry "ROU"]
[EventCategory "11"]
[SourceTitle "CBM 064"]
[Source "ChessBase"]
[SourceDate "1998.06.02"]
[SourceVersion "1"]
[SourceVersionDate "1998.06.02"]
[SourceQuality "1"]

1. e4 c5 2. Nf3 d6 3. Bb5+ Bd7 4. Bxd7+ Qxd7 5. O-O Nf6 6. Qe2 e6 7. b3 Nc6 8.
Bb2 Be7 9. c4 O-O (9... a6 10. d4 cxd4 11. Nxd4 b5 12. Nd2 O-O 13. Rac1 Rfc8
14. Rfd1 Qb7 $11 {Puljek,Z-Shipov,S/Ljubljana op 1992}) (9... e5 10. Nc3 Nd4
11. Qd3 $14 {[%cal Gf3e1,Ge1c2,Gc2e3]}) 10. Nc3 (10. d4 cxd4 11. Nxd4 d5 12.
exd5 exd5 13. Nxc6 $1 bxc6 14. Rd1 Rfe8 15. Qf3 Rad8 16. cxd5 cxd5 (16... Nxd5
17. Nd2 $14 {[%csl Ra7,Rc6][%cal Gd2c4]}) 17. Nc3 Bd6 18. Ne2 $14 {[%csl Rd5]
Yudasin,L-Aseev,K/Sankt_Peterburg 1996/66/166 [Yudasin,L]}) 10... Ne8 (10...
Rfe8) 11. Na4 Bf6 (11... e5 12. Nc3 $14) 12. e5 Nxe5 (12... Be7 13. Rad1 $1 $14
{[%cal Gd2d4]} (13. exd6 Bxd6 14. Rad1 Nd4 $1 15. Nxd4 cxd4 16. Bxd4 Bxh2+))
13. Nxe5 Bxe5 (13... dxe5 $6 14. Nxc5 $16 {[%csl Re5,Rf6]}) 14. Bxe5 dxe5 15.
Nxc5 (15. Qxe5 $2 b6 $15 {[%csl Rd2]}) 15... Qd6 (15... Qc7 $6 16. Nd3 f6 17.
f4 $1 Qb6+ (17... exf4 18. Qxe6+ $16) 18. c5 Qa6 19. fxe5 Rd8 20. Rf3 $14 {/+/-
}) 16. Ne4 Qc7 (16... Qd4 $5 17. Ng5 {[%cal Gg5f3]} Qf4 18. Qe3 $14) 17. Rfe1
$1 f6 (17... Nd6 18. Nc3 (18. Nxd6 Qxd6 19. Qxe5 Qxd2 20. Red1 Qc2 21. Qd6 $1
$14 {[%cal Gd1d8]}) 18... f6 19. d4 Nf7 $1 (19... exd4 20. Qxe6+ Kh8 21. Nd5
Qc5 $1 (21... Qc6 22. Qg4 {[%csl Rd4]}) 22. b4 Qxc4 (22... Qc6 23. Ne7 Qc7 24.
c5 Nc8 25. Rad1 $16) 23. Rec1 $1 (23. Qxd6 $2 Rfd8) (23. Rac1 Qxa2 (23... Qa6
24. Nc7) 24. Ra1 Qb3 25. Reb1 Qc4 26. Rc1 Qb3 $11) 23... Qa6 24. Nc7 $16) 20.
dxe5 (20. Rad1 $14) 20... Nxe5 21. f4 Qb6+ 22. Kh1 Ng6 $11) (17... Rd8 18. Ng5
$1 Nf6 19. d3 $1 {[%csl Re5][%cal Gg5f3]} Qa5 20. Nf3 Nd7 $14) 18. Rad1 Rd8 (
18... Nd6 $2 19. Nxd6 Qxd6 20. d4 exd4 21. Qxe6+ Qxe6 22. Rxe6 Rfe8 23. Rxe8+
Rxe8 24. Kf1 Rd8 25. Ke2 $16 {[%csl Rd4]}) 19. Qe3 b6 (19... Rd4 20. Nc3 $1 {
[%cal Gc3b5]} a6 (20... Qd7 21. Nb5 Rd3 22. Qxa7 Rxd2 23. Nc3 $14 {[%cal Gd1d8]
}) 21. Ne2 Rd6 22. d4 exd4 23. Nxd4 $36) 20. d4 exd4 21. Rxd4 Rxd4 22. Qxd4 $14
{[%cal Gd1d8]} e5 23. Qe3 $6 {I do not know but to me this seems very strange
to take the Queen from the "d" file Qd3 of Qd5 seems normal} (23. Qd5+ $14) (
23. Qd3 $14) 23... Qd8 $6 {but this looks even stranger!! you have such bad
knight out of play on "e8" what you wait for?? play Nd6 when black is about OK}
(23... Nd6 $11 {/+/=}) 24. c5 $1 bxc5 (24... Nc7 $5 25. cxb6 Nd5 26. Qf3 $5 (
26. Qc5 Nxb6 27. Nd6 Qd7) 26... Qxb6 27. Rd1 $14 {[%cal Gd1d8]} Nf4 28. g3 $36)
25. Qxc5 Rf7 26. h3 $1 {just a good move in this type of positions,making
"air" for the king,white's advantage in this endgmae is based mainly on 3
things,the first is a pawn majority on the Queen's side 2 against 1,the second
is a more active pieces, Queen and night and there is also one important other
thing, the kings black's king is weak and exposed,a factor which will decide
the game} Rc7 (26... Qc7 $5 27. Qd5 Qd7 $14) 27. Qe3 {white does not have big
advantage but in all endgames he has slight advantage thanks to his 2 against
1 on the Queen's side} Qd5 $6 (27... Nd6 $4 28. Rd1 Rd7 29. Qd3) (27... h6 $5)
28. Qf3 $1 {[%cal Ge1d1]} Qa5 (28... Rd7 29. Rc1) (28... Qe6 29. Rd1 $14) 29.
Rd1 {now white has already something real,not just advantage because of the
structure but real chances against black's king,giving white the "d" file so
easily was a big mistake by black} Re7 {[%csl Gd7,Gd8] preventing the
penetration to the 7 or 8 line} (29... Qxa2 $2 30. Rd8 Re7 31. Nd6 Qb1+ 32. Kh2
Qg6 33. Qd5+ Kf8 34. Qc5 Kg8 (34... Qd3 35. Nb7 Qa6 (35... Qg6 36. Rd7 Qf7 37.
Nd8) 36. Rxe8+ Kxe8 37. Qc8+ Kf7 38. Nd8+) 35. Nc8 Re6 36. Ne7+ {exactly for
such things you need white's 26 move h3!}) 30. Qe2 {[%cal Ge2c4]} Qc7 31. Qb5
g6 32. Qd5+ Kg7 (32... Rf7 33. b4) 33. b4 {[%cal Ge4c5]} Qb7 $6 {this gives
white to play Nc5 with a tempi threatening the Queen} (33... Qb6 $142 $5 34. a3
f5 (34... Nc7 $4 35. Qd8 {[%cal Gd1d6]}) 35. Nc5 Nf6 36. Qd6 Qxd6 37. Rxd6 $14)
34. Qc4 Nc7 $6 (34... Rd7 35. Rxd7+ Qxd7 36. Nc5 Qd1+ 37. Kh2 Nc7 38. Nd3 $14 {
/+/-}) 35. Nc5 Qb5 (35... Qc6 36. Rd8) 36. Qb3 Qe8 (36... a5 37. Rd8 Ne8 38. a3
) 37. Rd6 Nb5 $2 (37... Qf7 $142 $14) 38. Ne6+ Kh8 $4 (38... Kh6 39. Qc4 g5 40.
Ra6 $16 {[%csl Rh6]}) 39. Rd8 1-0

[Event "YUG-ch53"]
[Site "Belgrade "]
[Date "1998.03.22"]
[Round "9"]
[White "Markovic, Miroslav"]
[Black "Kovacevic, Aleksandar"]
[Result "1-0"]
[WhiteElo "2540"]
[BlackElo "2515"]
[Annotator "Har Zvi,R"]
[PlyCount "139"]
[EventDate "1998.03.14"]
[EventType "tourn"]
[EventRounds "15"]
[EventCountry "YUG"]
[EventCategory "10"]
[SourceTitle "CBM 064"]
[Source "ChessBase"]
[SourceDate "1998.06.02"]
[SourceVersion "1"]
[SourceVersionDate "1998.06.02"]
[SourceQuality "1"]

1. e4 {Hecht} c5 2. Nf3 d6 3. Bb5+ Bd7 4. Bxd7+ Qxd7 5. O-O Nc6 6. c3 Nf6 7. d4
cxd4 8. cxd4 d5 9. e5 Ne4 10. Ne1 f6 11. f3 (11. Nd3 e6 12. f3 Ng5 13. Be3 Be7
14. exf6 Bxf6 15. Bxg5 Bxg5 16. Nc5 Qd6 17. Re1 Nd8 18. f4 $1 Bxf4 19. Qh5+ g6
20. Qh4 O-O 21. g3 $18 {[%csl Rf4] 1-0 Djurhuus,R-Tisdall,J/NOR-ch 1990/EXT
90ch (39)}) 11... Ng5 12. Bxg5 (12. Be3 e6 13. Nc3 (13. Nd3 Nf7 (13... Be7 14.
Qd2 O-O 15. b4 b6 16. Bxg5 fxg5 17. Qb2 Qe8 $1 18. Rc1 g4 $1 $36 {/-/+ 0-1
Wahls,M-Rechlis,G/WchJ 1986/EXT 86ch (43)}) 14. f4 f5 15. Nd2 Be7 16. Nf3 b6
17. Rf2 O-O 18. h3 Kh8 19. g4 $14 {1-0 Pedzich,D-Agnos,D/EU-chJ U20 1989/TD
89\08 (69)}) 13... Be7 14. Qd2 (14. exf6 Bxf6 15. Nd3 O-O 16. Nc5 Qc8 17. f4
Nf7 18. f5 exf5 19. Nxd5 Bd8 20. Rc1 Re8 21. Qf3 $36 {1/2-1/2 Brynell,
S-Hellers,F/Malmo 1988/CBM 11 (40)}) 14... O-O 15. exf6 gxf6 16. Nd3 Nf7 17.
Nf4 Nd6 18. Bf2 Rae8 19. Rae1 Bd8 20. Re2 Nf5 21. Na4 $14 {[%csl Re6] 1-0
Chiburdanidze,M-Ljubojevic,L/Bilbao 1987/CBM 03 (41)}) 12... fxg5 13. f4 gxf4
14. Nd3 e6 (14... Nxd4 $4 15. Nc5 {[%csl Rd4,Rd7]}) 15. Nxf4 O-O-O 16. Nc3 $14
{This is quite an interesting position, both sides have some advantages and
some disadvantages. White's advantages are black's weak "e6" pawn and of
course a space advantage, while black's advantage is the weak white d4-pawn.
Black's idea will be of course transferring his bishop to "b6" while white
will try to attack the "e6" pawn. In conclusion I prefer white, since his
space is the critical factor in the position.} Kb8 17. Qd3 Rc8 {first black
secures his king,and of course the threat now Nxd4} 18. Kh1 Bb4 19. Nce2 {
white probably did not want to allow black to play bxc3 since exchanging
pieces help the side who has no space} g5 $6 {as a rule I do not like to
weaken my position unless I have to! why to play "g5" which weakeness quite a
lot especially the "f6" square?} (19... Ba5 20. Qh3 Rce8) 20. Nh5 Ba5 21. Qh3
$6 {this idea is not so clear to me what's the queen doing there and after Qg4.
..} (21. a3 $5) 21... Bb6 22. Rad1 h6 {[%csl Rh6]} 23. Qg4 {the queen defends
the "d4" pawn from here} a6 {both players are reallt doing nothing and just
strengthing their positions, 23...Na5 seems more active with immediate threats
such as Nc4 and Rc2} (23... Na5 $5 24. Rf6 Rc2) 24. h3 $1 {both creating room
for the king,and defending the queen on "g4"} Ka7 (24... Na5 25. Rf6 Rc2 $2 (
25... Rc6) 26. Rxe6 {and now the queen is defended}) 25. Rf3 Nd8 (25... Na5 $5
$132 {to me this seems much more logical than Nd8 going back}) 26. Nc3 Rc4 27.
b3 Rc7 28. Nf6 Qc8 29. Na4 $36 {black play weas too passive white got now some
initiative} Rc2 (29... Rc1) 30. h4 Qc7 (30... Rxa2 31. Nxb6 (31. Nxd5 $2 h5 32.
Ndxb6 Qc2) 31... Kxb6 (31... Qc2 32. Rg1 Kxb6 33. Rh3 $1 Qg6 34. hxg5 $16) 32.
Nxd5+ Ka7 33. Rc3 Qd7 34. Nb4 (34. Nf6 $5 Qe7 (34... Qb5 35. Rh3 $14 {[%csl
Rg5,Rh6]})) 34... Rf2 $13) 31. a3 gxh4 32. Rff1 (32. Qxh4 Rc1 33. Rff1 Rxd1 34.
Rxd1 Nc6 $13) 32... Qe7 (32... Ra2 $5 33. Rc1 Nc6) 33. Qg6 {[%cal Ga4b6,Gg6c2]
threatening Nxb6 followed by Nxd5} Rc6 $8 34. b4 h3 (34... Bc7 $5) 35. gxh3 Qc7
36. Nxb6 Rxb6 (36... Qxb6 $4 37. Qg7 {[%csl Rh8]}) (36... Kxb6 37. a4 (37. Rc1
$6 Rxc1 (37... Ka7 38. Rc5 $14) 38. Nxd5+ Ka7 39. Nxc7 Rxf1+ 40. Kg2 Rff8 {
[%csl Rg2]}) (37. Ne8 Qh7 $1 38. Qxh7 Rxh7 {[%csl Ra3,Rd4]}) 37... Ka7 38. b5
$132) 37. Rc1 Rc6 38. Rc5 Rxc5 (38... b6 $2 39. Rxc6 Nxc6 40. Ne8 $1 Qd7 41.
Rf7 Ne7 42. Ng7 $18) 39. bxc5 Rf8 $4 {I can not understand this move, giving a
pawn, wasting time and the rook is attacked?? the most natural move in the
position seems to be Nc6 [I really do not like knights on "d8" too much!]
attacking the "d4" pawn and freeing the rook to go maybe to "c8"} (39... Nc6 $1
40. Qg4 $5 (40. Qd3 Qa5 {[%cal Ga5a4]}) 40... Qa5 {[%csl Rh1]}) 40. Qxh6 Rf7
41. Qd2 $16 {/+-} Nc6 {we get the same position as after 39...Nc6 only without
the "h6" pawn!!} 42. h4 $1 Ne7 (42... Nxe5 43. dxe5 Qxe5 44. Qf2 $18) 43. h5
Nf5 44. Rxf5 $5 (44. Rf3 $5 $16) 44... exf5 45. h6 f4 $6 {such nice players:
everyone gives the other some material, black first his "h" pawn then white
the exchange now black another pawn nice players indeed!! now seriously why to
give this pawn?? white simply takes it and then coome with his king to h5,
white's exchange sarifise is not bad since after it the position is simpler} (
45... Qd8 46. Qg5 {[%cal Gh6h7]} (46. h7 $2 Rxh7+ 47. Nxh7 Qh4+ 48. Kg2 (48.
Qh2 Qe1+ 49. Kg2 Qe2+ 50. Kg3 Qe3+ $11)) (46. Kh2 $5 {[%cal Gh2h5]} Rxf6 47.
exf6 Qxf6 48. Qf4 $16) 46... Qa5 $1 47. h7 $2 (47. Qc1) 47... Qe1+ 48. Kh2 Qf2+
$11) 46. Qxf4 Qa5 47. Qe3 Qb5 48. Kg2 $18 {and noow the game is over} Qb1 49.
Kg3 Qg6+ 50. Kh4 {[%cal Ge3g5]} Rxf6 51. exf6 Qxf6+ {[#] Hecht:  White has the
technical task in front of him of escorting in the h6 pawn and avoiding
perpetual check. [#] Hecht: Weiß steht vor der technischen Aufgabe, den Bh6
zur Dame zu führen und Dauerschach zu vermeiden.} 52. Kg4 Qg6+ 53. Qg5 Qe6+ 54.
Kh5 Qf7+ (54... Qh3+ {Hecht} 55. Kg6 Qe6+ 56. Kg7 Qd7+ 57. Kf8 Qc8+ 58. Ke7
Qc7+ 59. Ke6 Qc6+ 60. Ke5 {[%csl Rd5][%cal Yg5f6]}) 55. Qg6 Qf3+ 56. Qg4 Qf7+
57. Kg5 Qg8+ 58. Kh4 (58. Kf4 {Hecht} Qf8+ {[%csl Rh6]}) 58... Qf8 (58... Qf7 {
Hecht} 59. Kg3 $1 {[%cal Yg4g7,Gg7h6,Gg7d4] [#] This avoids the situation of
being stuck on the rim! Once the queen stands on g7 and everything is
protected, the infiltration of the king is not to be prevented nor, finally,
is h6-h7-h8(Q). [#] Vermeidet die eingeklemmte Lage am Rand! Steht die Dame
erst auf g7 und ist alles gedeckt, ist das Einsickern des Königs nicht zu
verhindern und am Ende auch nicht h6-h7-h8D} Qf1 60. Qg7 Qd3+ 61. Kf4 Qe4+ 62.
Kg5 $18 {[%cal Yh6h7,Yh7h8]}) 59. Qe6 {[#] [#]} (59. Qg7 $6 {Hecht} Qf4+ 60.
Kh5 Qf5+ 61. Qg5 Qf7+ {führt nur zur Stellungswiederholung. Der weiße König
muß sich vom Rand lösen können!}) 59... Qf4+ 60. Kh5 Qf3+ (60... Qxd4 61. h7 {
[%cal Ge6b6]}) 61. Kg6 Qd3+ 62. Kf7 Qh7+ 63. Ke8 Qh8+ 64. Kd7 Qxd4 65. h7 Qg7+
66. Qe7 Qg4+ 67. Kd8 Qg3 (67... Qd4 {Hecht} 68. c6 Qh8+ 69. Kc7 Qc3 70. h8=Q
Qxh8 71. Qc5+ Ka8 72. cxb7#) (67... Qh5 {Hecht} 68. c6 $18) 68. c6 Qb8+ 69. Kd7
bxc6 70. Qc5+ {Hecht: mit nachfolgendem Damentausch.} (70. Kxc6+ Ka8 71. h8=Q {
with mate on the next move}) 1-0

[Event "Donetzk zt"]
[Site "Donetsk"]
[Date "1998.11.05"]
[Round "4"]
[White "Miroshnichenko, Evgenij"]
[Black "Kuzmin, Gennadi P"]
[Result "0-1"]
[WhiteElo "2440"]
[BlackElo "2560"]
[Annotator "Har Zvi,R"]
[PlyCount "88"]
[EventDate "1998.11.02"]
[EventType "swiss"]
[EventRounds "11"]
[EventCountry "UKR"]
[SourceTitle "CBM 068"]
[Source "ChessBase"]
[SourceDate "1999.02.01"]
[SourceVersion "1"]
[SourceVersionDate "1999.02.01"]
[SourceQuality "1"]

1. e4 c5 2. Nf3 d6 3. Bb5+ Bd7 4. Bxd7+ Qxd7 5. c4 g6 6. Nc3 Bg7 7. d4 cxd4 8.
Nxd4 Nf6 9. f3 Nc6 10. Be3 O-O 11. O-O Rfc8 12. Nde2 (12. b3 a6 13. Rc1 Nxd4
14. Bxd4 b5 15. cxb5 axb5 16. Qd3 b4 17. Na4 Qb7 $13 {1-0 Djurhuus,R-Howell,J/
EU-chJ U18 1986/EXT 86ch (41)}) 12... Qd8 {the queen has nothing to do on "d7"
her place is "a5"} (12... Ne8 13. Qd2 Ne5 14. b3 Nc7 15. Rac1 Na6 16. Rfd1 Qd8
17. Nd5 Nc5 18. Bg5 f6 19. Be3 $14 {1-0 Vasiukov,E-Cardoso,R/Manila 1974/
MCD-r7 (41)}) 13. Qd2 (13. Rc1 Qa5 (13... a6 14. Nf4 Rab8 15. Qe2 Nd7 16. Rfd1
Qf8 17. Nfd5 b6 18. Na4 b5 19. cxb5 axb5 20. Nac3 b4 21. Na4 e6 22. Ndb6 Nxb6
23. Nxb6 Nd4 24. Qd2 Rxb6 25. Bxd4 Bxd4+ 26. Qxd4 Rxc1 27. Rxc1 Qb8 28. Qc4 Qb7
{1/2-1/2 Georgiev,K-Ftacnik,L/Warsaw zt-B 1987/CBM 03}) 14. b3 Rab8 15. Kh1 a6
16. a4 Ne5 17. Nf4 Ned7 18. Nfd5 Qd8 19. a5 $1 $14 {1/2-1/2 Titov,G-David,P/
Bardejov 1991/EXT 91 (47)}) (13. b3 a6 14. a4 Nd7 15. Rb1 Nc5 16. Qd2 Rab8 17.
Rfd1 Qf8 18. Nf4 Nb4 19. Nce2 Nc6 20. a5 Qd8 21. b4 Na4 22. c5 Ne5 $132 23. Qa2
Qe8 24. Ra1 Nb2 25. Rdb1 Nbd3 26. cxd6 Nxf4 27. Bxf4 exd6 28. Rd1 Qb5 {1/2-1/2
Andersson,U-Donner,J/Hoogovens 1973/MCD-r7}) 13... a6 {this position has been
played several times but it seems that black is just fine here an equal
position with no problems at all} 14. b3 (14. Kh1 Rab8 15. Nf4 Ne5 16. b3 Nfd7
17. Ba7 Ra8 18. Bd4 $2 Nxc4 $1 19. bxc4 e5 $17 {0-1 Kaiszauri,K-Ekstroem,R/
SWE-ch 1979/MCD-ch (53)}) (14. Rfd1 Rab8 15. Rac1 b5 16. cxb5 axb5 17. Bh6 Bxh6
18. Qxh6 b4 $132 {1/2-1/2 Conquest,S-Yermolinsky,A/Hastings9596 1996/CBM 51/
[Hecht] (59)}) 14... Qa5 {the idea is to play "b5" after white moves his "a"
rook for example to Rac1 b5} 15. a4 Nd7 16. Rab1 Qd8 {this is just the problem
here black with no weaknesses is just waiting for white,to try and dio
something and by doing so weakening is own position} 17. Rfd1 Qf8 18. Nd5 a5 $6
{this is quite a new idea for me,I thought that black should give white a
place for his knight on "b5" in compensation black gets the c5 and b4 squares
it's an interesting idea,but I think it's not a good idea for black this trade
of squares.} 19. Nec3 Rd8 (19... Nc5 $4 20. Nb6) 20. Nb5 Nc5 21. Qf2 Rab8 {
a pawn sacrifise this is very similar to Semisch variation with c5 I mean 1.d4
Nf6 2.c4 g6 3.Nc3 Bg7 4.e4 d6 5.f3 0-0 6.Be3 c5 7.dxc5 dxc5 8.QxQ RxQ 9.bxc5
and so on...} (21... e6 $2 22. Nb6 Ra6 23. Bxc5 dxc5 24. Nd7 $16) 22. Bxc5 dxc5
23. Qxc5 e6 24. Qxf8+ Kxf8 {ok so what we have? I think just a better position
for white with chances for black but not enough for the pawn I think,I think
now that "a5" was not a right move as I thought before it's not in the type of
the position} 25. Ne3 (25. Nb6 $5 {when it seems here black should fight for
his compensation}) 25... Nb4 26. Kf1 $6 {this might be a very critical moment
since white tries to play a simple as possible bring the king to the center
and then see... but sometimes this is not good! since after Nd3 by black white
will not be able to play "c5" any move and will get stucked with a serious
weakness on "b3"} (26. c5 $5 Nd3 27. Nc4) 26... Nd3 27. Ke2 Nf4+ 28. Kf1 Nd3
29. g3 (29. Ke2 Nf4+ $11) 29... Nc5 {[%csl Rb3]} 30. Ke2 Ke7 {so now already
black got his compensation although white ois still atleast equal} 31. Na3 h5
$1 {a very strong move,black has pressure on the Queen side,but this is not
enough,so he needs to get something more,playing on the king's side seems the
best way it's simply the principiale of 2 weaknesses!} 32. Nac2 (32. h4 $5 Be5
33. f4 Bd4 (33... Bg7 34. e5 Ne4 35. Nb5 Nxg3+ 36. Kf3 {[%csl Rg7]}) 34. Nec2
Bg7 35. e5 Rxd1 36. Rxd1 (36. Kxd1 Ne4 {[%csl Rg3,Rh4]}) 36... Nxb3 $36 {
[%csl Ra4][%cal Gf7f6]}) 32... h4 33. Ne1 hxg3 34. hxg3 Rh8 {[%cal Gh8h1]} 35.
Kf2 $6 {probably another incorrect move,but now it seems that black may be
better after this,35.Nf1 was still fine for white} (35. Nf1 $5 {[%cal Ge1d3]
the knight on "c5" must be exchanged so I think this is the way tp play with
the white pieces when here white is still ok}) 35... Rbd8 $1 36. Rxd8 Rxd8 37.
Nf1 (37. Ke2 Rd6 {[%csl Rb3][%cal Gd6b6]}) 37... Bc3 {[%csl Ra4,Rb3][%cal
Gc3e1,Gd8d3] now white is already in serious trouble} 38. Nc2 Rd6 {[%cal Gd6b6]
} (38... Rd3 39. Ke2) 39. Na3 {[%cal Ga3b5]} Bb4 $1 40. Nc2 (40. Nb5 Rd3 $17)
40... Rd3 41. Na1 g5 42. Ke2 g4 43. f4 $4 {a decisive mistake losing,probably
time trouble since it's move 43 very close to the time control,but any way
also after fxg4 Rc3 white's position seems very difficult} (43. fxg4 Rc3 $36 {
[%csl Rb3,Re4,Rg3,Rg4] /-/+}) 43... Rf3 44. Rd1 Nxe4 0-1